| 000 | 00426nam a2200145Ia 4500 | ||
|---|---|---|---|
| 008 | 231129s1990||||xx |||||||||||||| ||spa|| | ||
| 020 | _a950-15-0611-8 | ||
| 040 | _bspa | ||
| 082 | _a780.43 S371v | ||
| 100 | _aSchonberg Harold C. | ||
| 245 | 0 | _aLos virtuosos : Los legendarios interpretes de la musica clasica | |
| 260 | _c1990 | ||
| 264 | _aJavier Vergara Editor | ||
| 942 |
_2ddc _cBKS |
||
| 999 |
_c20139 _d20139 |
||